Academic language in diverse classrooms mathematics, grades 3-5 promoting content and language learning
Guardat en:
| Autor principal: | |
|---|---|
| Format: | Llibre |
| Idioma: | anglès |
| Publicat: |
CORWIN Press
2013
|
| Etiquetes: |
Afegir etiqueta
Sense etiquetes, Sigues el primer a etiquetar aquest registre!
|
MARC
| LEADER | 00000nam a22000007a 4500 | ||
|---|---|---|---|
| 008 | 201207b ||||| |||| 00| 0 eng d | ||
| 020 | |a 978-1-4522-3482-3 | ||
| 100 | |a GOTTLIEB, Margo |a Ernst-Slavit, Gisela | ||
| 245 | |a Academic language in diverse classrooms mathematics, grades 3-5 |b promoting content and language learning |c Margo Gottlieb [and] Gisela Ernst-Slavit |e Mathematics, grades 3-5 |g xx, 176p.; ill. | ||
| 260 | |b CORWIN Press |c 2013 |h Thousand Oaks, California |i 692519 |i 692520 |l QA13 .G71 |m Mathematics – Study and teaching (Elementary) – United States |m Language arts – Correlation with content subject – United States |m English language – Study and teaching (Elementary) – United States |m English language – Study and teaching (Elementary) – Foreign speakers |m Multicultural education – United States | ||
| 500 | |a It includes bibliographical references and index | ||
| 942 | |a lcc |c BK |e O.A. JOHNSON |f 07/12/20 | ||
| 952 | |0 0 |1 0 |2 lcc |4 0 |6 QA0013 G71 |7 0 |9 164 |a HOL |b ED |c QZ |d 2020-12-07 |l 0 |o QA13 .G71 |p 2020-0108 |r 2020-12-07 00:00:00 |w 2020-12-07 |y BK | ||
| 952 | |0 0 |1 0 |2 lcc |4 0 |6 QA0013 G71 |7 0 |9 165 |a HOL |b HOL |c QZ |d 2020-12-07 |l 0 |o QA13 .G71 |p 2020-0109 |r 2020-12-07 00:00:00 |w 2020-12-07 |y BK | ||
| 999 | |c 56 |d 56 | ||